| 000 | 00627nam a2200217Ia 4500 | ||
|---|---|---|---|
| 003 | GCL | ||
| 008 | 140319s9999 xx 000 0 ara d | ||
| 040 |
_aGCL / _cGCL |
||
| 082 | 0 | 4 |
_aط _b371.32 _bد م |
| 100 | 1 | _aدار المعارف | |
| 245 | 1 | 0 |
_aالموانى المرافىء / _cدار المعارف |
| 260 |
_a[S.N] : _bدار المعارف للطباعة والنشر ، _c1992 |
||
| 300 | _a35 | ||
| 490 |
_aالمعارف للاولاد _v0 |
||
| 650 | 0 | 4 | _aالاطفال |
| 650 | 0 | 4 | _aالمرور |
| 650 | 0 | 4 | _aالعلوم |
| 650 | 0 | 4 | _aالتصوير |
| 650 | 0 | 4 | _aالتوقيت |
| 942 |
_2ddc _cBK |
||
| 999 |
_c58173 _d58173 |
||